000 00925nam a2200265Ia 4500
999 _c54307
_d54307
001 21363
003 GE_BSU
005 20221108161328.0
008 181216s2017||||enk|||||||||||||| ||eng||
020 _a9781907670657x
040 _cGE_BSU
041 _aeng
080 _a621.31 B-69
100 _aBoxwell, Michael
_912766
245 _aSolar Electricity Handbook : A simple, practical guide to solar energy :
_bhow to design and install photovoltaic solar electric system /
_cMichael Boxwell.
264 _aBirminngham :
_bGreenstream Publishing,
_c2017.
300 _a174 p. :
_bill. ;
_c28 cm.
541 _h84 Gel.
653 _aSolar Electricity Handbook
653 _a A simple, practical guide to solar energy
653 _a how to design and install photovoltaic solar electric system
653 _aЭлектротехника
653 _aელექტროტექნიკა
942 _cBK
_2udc